Katalog osobních ochranných prostředků a pomůcek používaných v lesním hospodářství /

Další autoři: Rada, Petr
Jazyk: Čeština
Vydáno: Praha : Státní zemědělské nakladatelství, 1973
Fyzický popis: 118 s. ; 8°
Knihy
Uloženo v:
LEADER 00852nam a22002532a 4500
001 001262108
003 CZ BrMZK
005 20121030112122.0
007 ta
008 121030s1973 xr er|||||||||||cze d
015 |a cnb000461774 
035 |a (OCoLC)42112273 
040 |a ABA001  |b cze  |d ABA001  |d BOA001 
080 9 |a 614.89:634.0(085) 
245 0 0 |a Katalog osobních ochranných prostředků a pomůcek používaných v lesním hospodářství /  |c Petr Rada ... [et al.] 
260 |a Praha :  |b Státní zemědělské nakladatelství,  |c 1973 
300 |a 118 s. ;  |c 8° 
500 |a 3000 výt. 
504 |a Obsahuje bibliografii 
700 1 |a Rada, Petr  |7 jx20071207071  |4 aut 
910 |a BOA001  |b 2-0714.245 
990 |a BK 
991 |b 201210 
996 6 |b BC-1128168  |c 2-0714.245  |l Sklad H1  |r Sklad / do 24 hodin  |n 0  |h HS212  |w 001295900  |u 000010  |a 1  |e BOA001  |j MZK50  |s P